000 00416nam a22001697a 4500
003 NUST - PNEC
005 20170116181103.0
008 151003b xxu||||| |||| 00| 0 eng d
020 _a-
040 _cLIBRARY
082 _a807.759 BUT
100 _912524
_aButt, Mohammad Younus
245 _aHawaiyan
_cMohammad Younus Butt
260 _cc.1998
650 _912525
_aUrdu Literature
_xGeneral
942 _2ddc
_cBK
999 _c68856
_d68856